Consultancy, inspection and review services in government departments: report to the Prime Minister (Record no. 491289)

000 -LEADER
fixed length control field 00424cam a22001217a 4500
008 - FIXED-LENGTH DATA ELEMENTS--GENERAL INFORMATION
fixed length control field 180718b1984 xxu||||| |||| 00| 0 eng d
082 ## - DEWEY DECIMAL CLASSIFICATION NUMBER
Classification number I5x42 Un3c
100 ## - MAIN ENTRY--PERSONAL NAME
Personal name United Kingdom. Efficiency Unit
245 ## - TITLE STATEMENT
Title Consultancy, inspection and review services in government departments: report to the Prime Minister
Statement of responsibility, etc. by Kate Jenkins, et. al
260 ## - PUBLICATION, DISTRIBUTION, ETC.
Place of publication, distribution, etc. London
Name of publisher, distributor, etc. H.M.S.O.
Date of publication, distribution, etc. 1984
300 ## - PHYSICAL DESCRIPTION
Extent 38+p.
700 ## - ADDED ENTRY--PERSONAL NAME
Personal name Jenkins, Kate, et. al
Holdings
Withdrawn status Lost status Damaged status Not for loan Permanent Location Current Location Date acquired Full call number Barcode Date last seen Price effective from Koha item type
        Indian Institute of Public Administration Indian Institute of Public Administration 2018-08-04 I5x42 Un3c G17391 2018-08-04 2018-08-04 G
        Indian Institute of Public Administration Indian Institute of Public Administration 2018-08-04 I5x42 Un3c G16706 2018-08-04 2018-08-04 G

Powered by Koha